Pleito de don Diego Gutiérrez Coca contra don Fernando de Salazar, por el cobro indebido de 20 mil reales que hizo este último

Detalles Bibliográficos
Otros Autores: Diego Gutiérrez Coca, Fernando de Salazar
Formato: Libro
Publicado: s.l., s.f.
Materias:
Colección:Banco de datos
Acervo:Biblioteca Palafoxiana. Colección de Manuscritos
Descripción Física:5 f. ; 32 x 21 cm.
Tema general:Civil
LEADER 00500nam a22001570004500
035 |a 1159 
245 1 0 |a Pleito de don Diego Gutiérrez Coca contra don Fernando de Salazar, por el cobro indebido de 20 mil reales que hizo este último 
260 |a s.l., s.f. 
300 |a 5 f. ; 32 x 21 cm. 
650 1 0 |a Civil 
700 1 |a Diego Gutiérrez Coca 
700 1 |a Fernando de Salazar 
949 |a 19948/070 
942 |c PALAMANU 
943 |g Biblioteca Palafoxiana. Colección de Manuscritos 
999 |c 1069104  |d 1069104